01272nam a2200289 a 4500001001000000005001700010008004100027041000800068044000800076084002100084100004500105245010900150260005600259300004800315500008700363500005400450500013800504500001100642546002400653650005200677650005600729650003400785650004500819700003900864700002900903740005000932BRCA_330520190320204220.0190309s1870----enka---###---#000-0#eng-# aeng aenk a599b.W376c18701 aCervantes Saavedra, Miguel ded1547-161610aDon Quixote de la ManchacTranslated from the Spanish of Miguel de Cervantes Saavedra by Charles Jarvis. aLondres : Nueva YorkbFrederick Warne and Co.c1870 a1 v. en 2 partes (xiv, 710 p.)bil.c22 cm. aContenido : Primera parte. Prólogo del autor. Segunda parte. Prólogo del autor aEdición : With 100 Illustrations of A. Houghton aReimpresión de la traducción de Jarvis, publicada en 1866, por los mismos editores. Tela; lomo y plano adornados Lúdovik Osterc aQMB103 aTexto en : inglés14aNovela españolayÉpoca clásica, 1500-170014aLiteratura españolayÉpoca clásica, 1500-170014aNovela españolaySiglo XVII14aDon Quijote (Personaje ficticio)eNovela1 aJarvis, Charlesd?-1739eTraductor1 aHoughton, A.eIlustrador0 aEl Ingenioso Hidalgo Don Quijote de la Mancha